000 00361nam a2200133Ia 4500
008 210430s9999 xx 000 0 und d
020 _a9780195798012
082 _a327 A516 P
100 _aShahid M.Amin
_9484
245 _aPakistan's Foreign Policy A Reappraisal /
_cShahid M.Amin
260 _aUSA
_bShahid M.Amin
_c2007
300 _a327P
942 _cBK
_2ddc
999 _c563233
_d563233